000 01473nam0a2200337 i 4500
001 RU\NLR\bibl\1979124
005 20260409000220.0
010 _a9785990397217
021 _aRU
_b2012-3315и
_9389и
035 _a(NLR Aleph) 001967843
090 _a3914342
_c3914342
100 _a20121213d2012 u y0rusy50 ca
101 0 _arus
_ager
102 _aRU
_aCH
105 _aa |||||||||
200 1 _aПринцесса Аврора
_dPrinzessin Aurora
_eтеатральное приключение по мотивам сказки Шарля Перро "Спящая Красавица"
_zger
_fLioudmila Meier-Babkina
_gТеатр сценич. классики
210 _aМосква
_c[б.и.]
_d2012
215 _a19, [37] c.
_cцв. ил.
_d22
300 _aНа обл. авт. не указан
300 _aТекст парал. на рус. и нем. яз.
500 _aСпящая красавица
_3RU\NLR\auth\5510901
_92632901
510 1 _6z45790
_aPrinzessin Aurora
_zger
686 _aШ9(4Фр)60-4
700 1 _4070
_8rus
_7ca
_aМайер-Бабкина
_bЛ. И.
_gЛюдмила Ивановна
_3RU\NLR\auth\77124013
_9106938
702 1 _8rus
_7ca
_aПерро
_bШ.
_f1628-1703
_gШарль
_3RU\NLR\auth\77385
_9110440
790 1 _4070
_8rus
_7ba
_aMajer-Babkina
_bL. I.
_gLjudmila Ivanovna
_3RU\NLR\auth\77124095
_9107020
801 0 _aRU
_bNLR
_c20121213
_gRCR
801 1 _aRU
_bNLR
_c20121213
942 _cBOOK
980 _aNBR